[Event "VII Memorial Alvise Zichichi"]
[Site "Ladispoli ITA"]
[Date "2009.09.27"]
[Round "8"]
[White "Vertechi, Pietro"]
[Black "Sarti, Emanuele"]
[Result "1-0"]
[WhiteElo "1959"]
[BlackElo "1431"]
[PlyCount "55"]
[EventDate "2009.09.19"]

1. e4 d5 2. exd5 Nf6 3. c4 e6 4. Nc3 Bd6 5. Nf3 O-O 6. Be2 exd5 7. O-O a6 8. d4
b6 9. Bg5 Be7 10. Bxf6 Bxf6 11. Nxd5 Bb7 12. Nxf6+ Qxf6 13. Ne5 Qg5 14. Bf3 c6
15. Qc2 f6 16. Ng4 g6 17. Rfe1 Bc8 18. Ne3 Ra7 19. c5 b5 20. Rad1 Kh8 21. d5
cxd5 22. Rxd5 Qh6 23. Rd6 Re7 24. c6 Bf5 25. Qc3 Re6 26. Nxf5 Rxe1+ 27. Qxe1
gxf5 28. c7 1-0

[Event "IV Festival A"]
[Site "Giugliano in Campania ITA"]
[Date "2009.09.18"]
[Round "1"]
[White "Antignani, Luigi"]
[Black "Sgammato, Francesco"]
[Result "1/2-1/2"]
[WhiteElo "1985"]
[BlackElo "1563"]
[PlyCount "64"]
[EventDate "2009.09.18"]

1. Nf3 e6 2. g3 Nf6 3. Bg2 d5 4. O-O c5 5. d3 Be7 6. Nbd2 O-O 7. c3 Nc6 8. e4
Qc7 9. Qe2 dxe4 10. dxe4 a6 11. Nc4 b5 12. Bf4 Qa7 13. Nd6 Nh5 14. Nxc8 Raxc8
15. Be3 Qc7 16. Rad1 g6 17. Ng5 Ne5 18. Nh3 c4 19. g4 Ng7 20. Bf4 Bd6 21. Kh1
Nd3 22. Bxd6 Qxd6 23. f4 Rfd8 24. e5 Qb6 25. Be4 Nc5 26. Nf2 h5 27. h3 hxg4 28.
hxg4 Rxd1 29. Rxd1 Rd8 30. Bg2 Rxd1+ 31. Qxd1 Ne8 32. Qd4 Qc7 1/2-1/2

[Event "IV Festival A"]
[Site "Giugliano in Campania ITA"]
[Date "2009.09.18"]
[Round "1"]
[White "Basso, Lorenzo"]
[Black "Pennacchio, Mario"]
[Result "1-0"]
[WhiteElo "1826"]
[BlackElo "1521"]
[PlyCount "95"]
[EventDate "2009.09.18"]

1. d4 d5 2. Bg5 c6 3. Nf3 Nd7 4. e3 Ngf6 5. Bd3 e6 6. Nbd2 Be7 7. c3 c5 8. Rc1
c4 9. Bb1 b5 10. O-O h6 11. Bh4 Ng4 12. Bg3 Bb7 13. e4 Ngf6 14. e5 Nh5 15. Ne1
Nxg3 16. fxg3 Bg5 17. Qh5 Qe7 18. Nef3 Be3+ 19. Kh1 O-O-O 20. Rce1 g6 21. Qg4
h5 22. Qh3 Bxd2 23. Nxd2 h4 24. g4 f6 25. exf6 Nxf6 26. g5 Ne4 27. Nxe4 dxe4
28. Bxe4 Bxe4 29. Rxe4 Rd6 30. Rf6 Rf8 31. Qxh4 e5 32. Qg4+ Kc7 33. Rxe5 Qd8
34. Rc5+ Kb6 35. Rxf8 Qxf8 36. Qf3 Qe7 37. Re5 Qc7 38. h3 a5 39. Qe4 b4 40. Rc5
Rc6 41. Rxc6+ Qxc6 42. Qxc6+ Kxc6 43. h4 Kd5 44. h5 gxh5 45. g6 a4 46. g7 a3
47. g8=Q+ Ke4 48. Qxc4 1-0

[Event "IV Festival A"]
[Site "Giugliano in Campania ITA"]
[Date "2009.09.18"]
[Round "1"]
[White "Chino, Ferdinando"]
[Black "Della Corte, Alessandro"]
[Result "0-1"]
[WhiteElo "1656"]
[BlackElo "2210"]
[PlyCount "78"]
[EventDate "2009.09.18"]

1. e4 e6 2. d4 d5 3. exd5 exd5 4. c4 Bb4+ 5. Nc3 Ne7 6. h3 Nbc6 7. Nf3 O-O 8.
Bd3 Bf5 9. O-O Bxd3 10. Qxd3 dxc4 11. Qxc4 Bxc3 12. bxc3 Nd5 13. Bg5 Qd6 14.
Rfe1 Rfe8 15. Bh4 Nb6 16. Qb3 Na5 17. Qc2 c6 18. Bg3 Qd5 19. Bc7 h6 20. Bxb6
axb6 21. Ne5 Nc4 22. Nxc4 Qxc4 23. Qb3 b5 24. Qxc4 Rxe1+ 25. Rxe1 bxc4 26. Re2
Kf8 27. Kf1 Ra3 28. Rc2 Ke7 29. Ke2 Ke6 30. Kd1 Kd5 31. f3 b5 32. Kc1 Ra7 33.
Re2 f6 34. Kb2 b4 35. cxb4 Kxd4 36. a3 c3+ 37. Kb3 c5 38. Re4+ Kd3 39. Rc4
Rxa3+ 0-1

[Event "IV Festival A"]
[Site "Giugliano in Campania ITA"]
[Date "2009.09.18"]
[Round "1"]
[White "Elce, Valerio"]
[Black "Fezza, Davide"]
[Result "0-1"]
[WhiteElo "1569"]
[BlackElo "2086"]
[PlyCount "62"]
[EventDate "2009.09.18"]

1. e4 c5 2. Nf3 e6 3. c4 Nc6 4. d4 cxd4 5. Nxd4 Qc7 6. Nc3 a6 7. a3 Nf6 8. Be2
d6 9. Be3 Bd7 10. f4 Rc8 11. Rc1 Qb8 12. a4 Be7 13. O-O O-O 14. g4 Nxd4 15.
Bxd4 Bc6 16. Bf3 b6 17. f5 Nd7 18. b3 Qb7 19. Re1 Ne5 20. Bxe5 dxe5 21. Qe2 b5
22. axb5 axb5 23. cxb5 Bxb5 24. Qb2 Bc5+ 25. Kg2 Bd4 26. Be2 Rxc3 27. Rxc3
Qxe4+ 28. Kh3 Bxc3 29. Qxc3 Bxe2 30. Qg3 Rd8 31. Rc1 h5 0-1

[Event "IV Festival A"]
[Site "Giugliano in Campania ITA"]
[Date "2009.09.18"]
[Round "1"]
[White "Fammiano, Giacomo"]
[Black "Ponticelli, Carmine"]
[Result "1-0"]
[WhiteElo "1698"]
[BlackElo "1452"]
[PlyCount "49"]
[EventDate "2009.09.18"]

1. f4 d5 2. e3 Nf6 3. Bd3 Bg4 4. Nf3 Nc6 5. b3 g6 6. Bb2 Bg7 7. a3 a6 8. O-O e6
9. h3 Bxf3 10. Qxf3 Ne7 11. g4 Qd7 12. g5 Nh5 13. Bxg7 Nxg7 14. Nc3 O-O-O 15.
Qe2 c6 16. Na4 Qc7 17. b4 b5 18. Nc5 Qa7 19. a4 Qb6 20. axb5 axb5 21. Ra6 Qb8
22. Rfa1 Qd6 23. Ra8+ Kc7 24. R1a7+ Kb6 25. Rb7# 1-0

[Event "IV Festival A"]
[Site "Giugliano in Campania ITA"]
[Date "2009.09.18"]
[Round "1"]
[White "Festa, Salvatore"]
[Black "D'Errico, Francesco"]
[Result "1/2-1/2"]
[WhiteElo "1518"]
[BlackElo "1747"]
[PlyCount "38"]
[EventDate "2009.09.18"]

1. d4 d5 2. c4 c6 3. e3 Bf5 4. Nf3 e6 5. Nc3 Nf6 6. Be2 Be7 7. O-O O-O 8. c5
Nbd7 9. b4 a6 10. Bb2 Qc7 11. a4 Ne4 12. Nxe4 Bxe4 13. Nd2 Bg6 14. Nf3 Bf6 15.
Bd3 Bxd3 16. Qxd3 e5 17. dxe5 Nxe5 18. Nxe5 Bxe5 19. Bxe5 Qxe5 1/2-1/2

[Event "IV Festival A"]
[Site "Giugliano in Campania ITA"]
[Date "2009.09.18"]
[Round "1"]
[White "Seletsky, Grigory"]
[Black "Scola, Enrico"]
[Result "1-0"]
[WhiteElo "2319"]
[BlackElo "1683"]
[PlyCount "79"]
[EventDate "2009.09.18"]

1. e4 c5 2. Nf3 d6 3. d4 cxd4 4. Nxd4 Nf6 5. Nc3 a6 6. f3 e5 7. Nb3 Be7 8. Be3
Be6 9. Qd2 Nbd7 10. O-O-O Nb6 11. Kb1 Nc4 12. Bxc4 Bxc4 13. g4 h6 14. h4 Qd7
15. g5 Ng8 16. Na5 Be6 17. Nd5 Bxd5 18. Qxd5 Rb8 19. Nc4 hxg5 20. Nxe5 Qe6 21.
Qxe6 fxe6 22. Ng6 Rh5 23. Nxe7 Kxe7 24. Bxg5+ Nf6 25. Rd3 Rhh8 26. Rhd1 Rbd8
27. f4 e5 28. fxe5 dxe5 29. Rxd8 Rxd8 30. Rxd8 Kxd8 31. Bxf6+ gxf6 32. c4 Ke8
33. Kc2 Kf7 34. c5 Kg6 35. b4 f5 36. exf5+ Kxf5 37. a4 e4 38. b5 axb5 39. axb5
Ke5 40. h5 1-0

[Event "IV Festival A"]
[Site "Giugliano in Campania ITA"]
[Date "2009.09.18"]
[Round "1"]
[White "Sellitti, Federico"]
[Black "Paduano, Gennaro"]
[Result "1-0"]
[WhiteElo "2148"]
[BlackElo "1593"]
[PlyCount "61"]
[EventDate "2009.09.18"]

1. e4 c5 2. Nf3 e6 3. d3 d6 4. g3 Nc6 5. Bg2 Nf6 6. O-O Be7 7. c3 O-O 8. h3 Ne8
9. a4 Rb8 10. Nh2 e5 11. f4 f5 12. Nf3 fxe4 13. dxe4 Nf6 14. f5 Nxe4 15. Qd5+
Kh8 16. Qxe4 Bxf5 17. Qe2 Qc7 18. Na3 e4 19. Ng5 d5 20. Bf4 Qc8 21. Bxb8 Qxb8
22. g4 Bxg5 23. gxf5 Ne5 24. c4 d4 25. Qxe4 Be3+ 26. Kh1 b6 27. Rae1 Re8 28.
Qh4 Nd3 29. f6 g6 30. f7 Rf8 31. Qf6# 1-0

[Event "IV Festival A"]
[Site "Giugliano in Campania ITA"]
[Date "2009.09.18"]
[Round "1"]
[White "Vassallo, Vincenzo"]
[Black "Sellitti, Luca"]
[Result "0-1"]
[WhiteElo "1536"]
[BlackElo "1913"]
[PlyCount "120"]
[EventDate "2009.09.18"]

1. e4 c5 2. Nf3 Nc6 3. d4 cxd4 4. Nxd4 g6 5. Nc3 Bg7 6. Be3 Nf6 7. Be2 O-O 8.
Qd2 d6 9. h3 a6 10. g4 Nxd4 11. Bxd4 Qa5 12. g5 Nxe4 13. Qe3 Bxd4 14. Qxd4 Nxc3
15. Qxc3 Qxc3+ 16. bxc3 Bf5 17. Bd3 Rac8 18. c4 Bxd3 19. cxd3 Rc5 20. h4 d5 21.
cxd5 Rfc8 22. Ke2 Rxd5 23. f4 Rc3 24. Rhd1 Rb5 25. Rh1 e5 26. fxe5 Rxe5+ 27.
Kd2 Rc6 28. Rh3 f5 29. h5 b5 30. hxg6 Rxg6 31. Rah1 Re7 32. Rh6 f4 33. Rf1 Rxg5
34. Rxa6 Rf5 35. Ra8+ Kf7 36. Rg1 f3 37. Rh8 Re2+ 38. Kd1 Rh2 39. a3 f2 40. Rf1
Re5 41. Rc8 Rg2 42. Kd2 h5 43. d4 Re4 44. Rd8 h4 45. Rh8 Rxd4+ 46. Ke2 Kg7 47.
Rh5 b4 48. axb4 Rxb4 49. Kf3 Rh2 50. Re5 Rb3+ 51. Ke2 Rg2 52. Rf5 Rb2+ 53. Kf3
Rg3+ 54. Ke4 Rb4+ 55. Ke5 Re3+ 56. Kd6 Rb2 57. R5xf2 Rxf2 58. Rxf2 Kg6 59. Kd5
Kg5 60. Kd4 Re1 0-1

[Event "IV Festival A"]
[Site "Giugliano in Campania ITA"]
[Date "2009.09.18"]
[Round "2"]
[White "D'Errico, Francesco"]
[Black "Fammiano, Giacomo"]
[Result "1-0"]
[WhiteElo "1747"]
[BlackElo "1698"]
[PlyCount "58"]
[EventDate "2009.09.18"]

1. d4 d5 2. Bf4 Nf6 3. e3 e6 4. c3 Be7 5. Bd3 Nbd7 6. Nd2 c5 7. h3 c4 8. Bc2 a5
9. Ngf3 a4 10. O-O Qb6 11. Rb1 Bd6 12. Bxd6 Qxd6 13. e4 Qc7 14. e5 Ng8 15. Qe2
Ne7 16. Nh2 b5 17. a3 Bb7 18. f4 g6 19. Ng4 h5 20. Ne3 Nf5 21. Bxf5 gxf5 22.
Nf3 f6 23. Rf2 fxe5 24. fxe5 O-O-O 25. Ng5 Rde8 26. Nf7 Nxe5 27. Nxe5 Qg7 28.
Nf1 Re7 29. Nh2 Kc7 1-0

[Event "IV Festival A"]
[Site "Giugliano in Campania ITA"]
[Date "2009.09.18"]
[Round "2"]
[White "Della Corte, Alessandro"]
[Black "Basso, Lorenzo"]
[Result "1-0"]
[WhiteElo "2210"]
[BlackElo "1826"]
[PlyCount "61"]
[EventDate "2009.09.18"]

1. d4 g6 2. c4 c5 3. d5 b5 4. e4 Nf6 5. e5 Ne4 6. Qc2 Qa5+ 7. Kd1 Nxf2+ 8. Qxf2
b4 9. Nf3 Bg7 10. Bd3 O-O 11. Qh4 d6 12. Bh6 dxe5 13. Ng5 Bf6 14. Bxf8 Bxg5 15.
Qxg5 Kxf8 16. Qxe5 Bg4+ 17. Kc2 f6 18. Qf4 b3+ 19. axb3 Qxa1 20. Qxg4 Na6 21.
Qe2 Nb4+ 22. Kc1 Rb8 23. Re1 Rb7 24. d6 e5 25. Qf3 f5 26. Qxb7 Nxd3+ 27. Kd2 e4
28. Qe7+ Kg8 29. Qf6 Nxb2 30. Kc2 Qa5 31. d7 1-0

[Event "IV Festival A"]
[Site "Giugliano in Campania ITA"]
[Date "2009.09.18"]
[Round "2"]
[White "Fezza, Davide"]
[Black "Seletsky, Grigory"]
[Result "0-1"]
[WhiteElo "2086"]
[BlackElo "2319"]
[PlyCount "68"]
[EventDate "2009.09.18"]

1. e4 e6 2. d4 d5 3. Nd2 Nc6 4. e5 Nxd4 5. Bd3 c5 6. c3 Nc6 7. f4 c4 8. Bc2 b5
9. Ndf3 Bc5 10. Ne2 Nge7 11. Ned4 Qb6 12. Be3 Nxd4 13. cxd4 Bb4+ 14. Kf2 Nf5
15. Bc1 h5 16. a4 Bd7 17. axb5 Bxb5 18. Be3 g6 19. g3 Kf8 20. Rg1 Bd7 21. h3
Be7 22. Bb1 Kg7 23. g4 hxg4 24. hxg4 Nh4 25. f5 exf5 26. gxf5 Bxf5 27. Bxf5
Nxf5 28. Rg4 Rh5 29. Qa4 a6 30. Qd7 Qe6 31. Qb7 Nh4 32. Kg3 Nxf3 33. Qxa8 Nh2
34. Bh6+ Rxh6 0-1

[Event "IV Festival A"]
[Site "Giugliano in Campania ITA"]
[Date "2009.09.18"]
[Round "2"]
[White "Paduano, Gennaro"]
[Black "Vassallo, Vincenzo"]
[Result "1-0"]
[WhiteElo "1593"]
[BlackElo "1536"]
[PlyCount "57"]
[EventDate "2009.09.18"]

1. e4 e5 2. Nf3 Nc6 3. Bb5 a6 4. Ba4 Nf6 5. O-O d6 6. Re1 Be7 7. h3 Bd7 8. c3
O-O 9. d4 b5 10. Bc2 h6 11. Nbd2 Nh7 12. Nf1 Ng5 13. Nxg5 Bxg5 14. Ng3 Bf6 15.
Be3 Ne7 16. Nh5 Ng6 17. Nxf6+ Qxf6 18. dxe5 Qxe5 19. Rf1 Rad8 20. Qe2 Rfe8 21.
f4 Qf6 22. Qf2 Bc6 23. Bd4 Qe7 24. Rae1 a5 25. Qg3 Rf8 26. f5 Ne5 27. f6 Qxf6
28. Rxf6 Kh7 29. Rf2 1-0

[Event "IV Festival A"]
[Site "Giugliano in Campania ITA"]
[Date "2009.09.18"]
[Round "2"]
[White "Sellitti, Luca"]
[Black "Sellitti, Federico"]
[Result "0-1"]
[WhiteElo "1913"]
[BlackElo "2148"]
[PlyCount "72"]
[EventDate "2009.09.18"]

1. e4 e5 2. Nf3 Nc6 3. Bb5 Nf6 4. Nc3 d6 5. h3 Bd7 6. O-O g6 7. d3 Bg7 8. Bg5
h6 9. Be3 O-O 10. Ne2 Qe7 11. c4 Ne8 12. Ng3 f5 13. exf5 gxf5 14. Nh5 f4 15.
Bd2 Bh8 16. d4 Rf5 17. g4 Rxh5 18. gxh5 Bxh3 19. Kh2 Bxf1 20. Qxf1 Nxd4 21.
Nxd4 Qh4+ 22. Qh3 Qxh3+ 23. Kxh3 exd4 24. Bxf4 Bg7 25. Re1 Kf7 26. Bd7 Nf6 27.
Be6+ Kf8 28. Bg4 Re8 29. Rxe8+ Kxe8 30. Bf3 Kd7 31. b4 c6 32. Bc1 d5 33. cxd5
cxd5 34. Kg3 Ke6 35. Kf4 Bf8 36. a3 Bd6# 0-1

[Event "IV Festival A"]
[Site "Giugliano in Campania ITA"]
[Date "2009.09.18"]
[Round "2"]
[White "Sgammato, Francesco"]
[Black "Festa, Salvatore"]
[Result "1-0"]
[WhiteElo "1563"]
[BlackElo "1518"]
[PlyCount "39"]
[EventDate "2009.09.18"]

1. c4 Nf6 2. Nc3 e6 3. e4 d5 4. e5 Nfd7 5. d4 c6 6. Nf3 dxc4 7. Bxc4 Nb6 8. Bb3
Be7 9. O-O O-O 10. Be3 Nd5 11. Nxd5 cxd5 12. Qd2 Bd7 13. Bc2 Bb5 14. Rfe1 Nc6
15. a3 Na5 16. b3 Rc8 17. h4 Qc7 18. Rec1 Qc6 19. Bxh7+ Kxh7 20. Rxc6 1-0

[Event "IV Festival A"]
[Site "Giugliano in Campania ITA"]
[Date "2009.09.19"]
[Round "3"]
[White "Antignani, Luigi"]
[Black "D'Errico, Francesco"]
[Result "1/2-1/2"]
[WhiteElo "1985"]
[BlackElo "1747"]
[PlyCount "80"]
[EventDate "2009.09.18"]

1. d4 d5 2. f4 Nf6 3. Nf3 c6 4. e3 Bg4 5. Be2 e6 6. O-O Be7 7. c4 O-O 8. b3
Nbd7 9. Ba3 Ne4 10. Bxe7 Qxe7 11. Qc2 Bh5 12. Nbd2 Nxd2 13. Qxd2 Bg6 14. Ne5
Be4 15. cxd5 exd5 16. b4 f6 17. Nxd7 Qxd7 18. a4 a6 19. Qb2 Rab8 20. b5 axb5
21. axb5 Bf5 22. Qb4 Rfe8 23. Ra3 Bg4 24. Bxg4 Qxg4 25. Rb1 Qc8 26. Qc5 Ra8 27.
Rc3 Ra2 28. bxc6 bxc6 29. Qxc6 Qxc6 30. Rxc6 Rxe3 31. Rc8+ Kf7 32. f5 Re7 33.
Rd8 Ra5 34. h3 g6 35. Rb6 Kg7 36. Rdd6 Rf7 37. fxg6 Kxg6 38. Rdc6 Kf5 39. Rc5
Rxc5 40. dxc5 Ke5 1/2-1/2

[Event "IV Festival A"]
[Site "Giugliano in Campania ITA"]
[Date "2009.09.19"]
[Round "3"]
[White "Chino, Ferdinando"]
[Black "Fezza, Davide"]
[Result "0-1"]
[WhiteElo "1656"]
[BlackElo "2086"]
[PlyCount "68"]
[EventDate "2009.09.18"]

1. e4 c5 2. Nf3 e6 3. d4 cxd4 4. Nxd4 a6 5. c4 Qc7 6. Nc3 Nc6 7. a3 Nf6 8. Be3
d6 9. Be2 Bd7 10. O-O Rc8 11. Kh1 Be7 12. f4 Nxd4 13. Bxd4 Bc6 14. e5 Nd7 15.
Bh5 O-O 16. Qe1 dxe5 17. fxe5 Nc5 18. Qg3 g6 19. Be2 Nb3 20. Nb5 Bxb5 21. Qxb3
Bxc4 22. Bxc4 Qxc4 23. Qe3 Rcd8 24. Bc3 Rd7 25. Qf3 Qd3 26. Qf2 Qc4 27. Qf3 Qd5
28. Qf4 b5 29. h3 Qc6 30. Rf3 Qc7 31. Raf1 Qd8 32. Qh6 Bg5 33. Ba5 Bxh6 34.
Bxd8 Rfxd8 0-1

[Event "IV Festival A"]
[Site "Giugliano in Campania ITA"]
[Date "2009.09.19"]
[Round "3"]
[White "Elce, Valerio"]
[Black "Sellitti, Luca"]
[Result "0-1"]
[WhiteElo "1569"]
[BlackElo "1913"]
[PlyCount "75"]
[EventDate "2009.09.18"]

1. e4 c5 2. Nf3 Nc6 3. c4 g6 4. d4 cxd4 5. Nxd4 Bg7 6. Be3 Nf6 7. Nc3 O-O 8.
Be2 d6 9. O-O Nd7 10. Qd2 Nc5 11. f3 Ne6 12. Nxe6 Bxe6 13. Nd5 Ne5 14. Bh6 Bxd5
15. exd5 Qb6+ 16. Be3 Qc7 17. Rac1 b6 18. Bd4 Qd7 19. f4 Ng4 20. Bxg7 Kxg7 21.
Qd4+ Nf6 22. g4 Kg8 23. g5 Ne8 24. Rc3 Ng7 25. h4 Nf5 26. Qf2 e6 27. dxe6 fxe6
28. Qh2 Nd4 29. Bg4 Qf7 30. Qd2 e5 31. Bh3 Qg7 32. f5 gxf5 33. Bxf5 Qf7 34. Bh3
Qh5 35. Bg2 Ne2+ 36. Kh2 Nxc3 37. Rh1 Ne2 38. Kh3 0-1

[Event "IV Festival A"]
[Site "Giugliano in Campania ITA"]
[Date "2009.09.19"]
[Round "3"]
[White "Fammiano, Giacomo"]
[Black "Paduano, Gennaro"]
[Result "0-1"]
[WhiteElo "1698"]
[BlackElo "1593"]
[PlyCount "35"]
[EventDate "2009.09.18"]

1. f4 Nc6 2. Nf3 b6 3. e3 Bb7 4. Bd3 Nf6 5. b3 d6 6. Bb2 Qd7 7. a3 h6 8. Qe2 a6
9. O-O Rg8 10. Bxf6 gxf6 11. Nc3 Bg7 12. f5 Ne5 13. Nxe5 fxe5 14. e4 Bf6 15.
Bc4 b5 16. Nxb5 axb5 17. Bxb5 Bc6 18. a4 0-1

[Event "IV Festival A"]
[Site "Giugliano in Campania ITA"]
[Date "2009.09.19"]
[Round "3"]
[White "Ponticelli, Carmine"]
[Black "Basso, Lorenzo"]
[Result "0-1"]
[WhiteElo "1452"]
[BlackElo "1826"]
[PlyCount "56"]
[EventDate "2009.09.18"]

1. d4 Nf6 2. c4 c5 3. e3 g6 4. Nf3 Bg7 5. Nc3 O-O 6. Be2 b6 7. O-O Bb7 8. d5 e6
9. e4 d6 10. Bg5 h6 11. Bh4 g5 12. Bg3 e5 13. Nd2 Nxe4 14. Ncxe4 f5 15. Nxd6
Qxd6 16. h3 Nd7 17. Bd3 Rae8 18. Qc2 Qf6 19. f3 Bc8 20. Rae1 Rf7 21. Re2 Nf8
22. Rfe1 Ng6 23. Qa4 Rfe7 24. b4 h5 25. bxc5 h4 26. Bf2 Nf4 27. Re3 bxc5 28.
Nb3 g4 0-1

[Event "IV Festival A"]
[Site "Giugliano in Campania ITA"]
[Date "2009.09.19"]
[Round "3"]
[White "Seletsky, Grigory"]
[Black "Della Corte, Alessandro"]
[Result "1/2-1/2"]
[WhiteElo "2319"]
[BlackElo "2210"]
[PlyCount "33"]
[EventDate "2009.09.18"]

1. d4 d5 2. c4 c6 3. cxd5 cxd5 4. Nc3 Nf6 5. Nf3 Nc6 6. Bf4 a6 7. e3 Bg4 8. h3
Bxf3 9. Qxf3 e6 10. Bd3 h6 11. Rc1 Bd6 12. Bxd6 Qxd6 13. O-O O-O 14. Qe2 Rfc8
15. f4 Rc7 16. g4 Rac8 17. Kg2 1/2-1/2

[Event "IV Festival A"]
[Site "Giugliano in Campania ITA"]
[Date "2009.09.19"]
[Round "3"]
[White "Sellitti, Federico"]
[Black "Sgammato, Francesco"]
[Result "1-0"]
[WhiteElo "2148"]
[BlackElo "1563"]
[PlyCount "41"]
[EventDate "2009.09.18"]

1. e4 e6 2. d4 d5 3. exd5 exd5 4. Bd3 Nf6 5. Bf4 Bg4 6. f3 Bh5 7. Nc3 c6 8. Qd2
Bd6 9. Nge2 O-O 10. O-O-O Bg6 11. g4 Qc7 12. Bxd6 Qxd6 13. Ng3 Nbd7 14. Nce2 c5
15. Bxg6 hxg6 16. h4 c4 17. c3 a5 18. h5 b5 19. h6 b4 20. hxg7 bxc3 21. Rh8+
1-0

[Event "IV Festival A"]
[Site "Giugliano in Campania ITA"]
[Date "2009.09.19"]
[Round "3"]
[White "Vassallo, Vincenzo"]
[Black "Scola, Enrico"]
[Result "1-0"]
[WhiteElo "1536"]
[BlackElo "1683"]
[PlyCount "39"]
[EventDate "2009.09.18"]

1. e4 c5 2. Nf3 d6 3. d4 cxd4 4. Nxd4 Nf6 5. Nc3 a6 6. Be2 e5 7. Nb3 b5 8. Bg5
Be7 9. Bxf6 Bxf6 10. O-O Bg5 11. Qd3 Be6 12. Nd5 Nd7 13. Rad1 Nc5 14. Nxc5 dxc5
15. Qg3 f6 16. c4 bxc4 17. Bxc4 Qa5 18. Qb3 Bd7 19. Qb7 Rc8 20. Nxf6+ 1-0

[Event "IV Festival A"]
[Site "Giugliano in Campania ITA"]
[Date "2009.09.19"]
[Round "4"]
[White "Basso, Lorenzo"]
[Black "Paduano, Gennaro"]
[Result "1-0"]
[WhiteElo "1826"]
[BlackElo "1593"]
[PlyCount "86"]
[EventDate "2009.09.18"]

1. d4 Nf6 2. Bg5 Ne4 3. Bh4 g5 4. f3 b6 5. fxe4 gxh4 6. Nc3 Bb7 7. Nf3 e6 8. e3
Bh6 9. Bd3 d6 10. Qe2 a6 11. O-O Nd7 12. Rf2 h3 13. g3 Nf6 14. Nh4 Rg8 15. Kh1
Ng4 16. Rf3 Qe7 17. Raf1 Rg7 18. Nd1 b5 19. Nf2 Nxf2+ 20. R1xf2 Kd7 21. Qf1 Rf8
22. Qxh3 Bg5 23. Ng2 Kd8 24. Nf4 Bxf4 25. Rxf4 Ke8 26. Kg1 e5 27. Rh4 Rh8 28.
d5 Qd8 29. Be2 Bc8 30. Bg4 Bd7 31. Bf5 Qc8 32. Rh6 Qd8 33. Kf1 b4 34. Ke2 a5
35. Bxd7+ Qxd7 36. Qxd7+ Kxd7 37. Kd3 c5 38. Rff6 Rg6 39. Rxf7+ Ke8 40. Rfxh7
Rxh7 41. Rxh7 Rf6 42. Ke2 Rf7 43. Rxf7 Kxf7 1-0

[Event "IV Festival A"]
[Site "Giugliano in Campania ITA"]
[Date "2009.09.19"]
[Round "4"]
[White "Della Corte, Alessandro"]
[Black "Sellitti, Federico"]
[Result "1-0"]
[WhiteElo "2210"]
[BlackElo "2148"]
[PlyCount "75"]
[EventDate "2009.09.18"]

1. d4 Nf6 2. c4 g6 3. Nc3 Bg7 4. e4 d6 5. Bd3 e5 6. Nge2 O-O 7. O-O Nc6 8. d5
Ne7 9. b4 Ne8 10. Kh1 f5 11. exf5 Bxf5 12. Ne4 Nf6 13. N2g3 Bxe4 14. Bxe4 Qd7
15. Be3 Nf5 16. Qd3 Nxg3+ 17. hxg3 Ng4 18. Kg1 Bh6 19. Bxh6 Nxh6 20. c5 Nf5 21.
Rac1 Nd4 22. Rc3 Qg4 23. Bf3 Qd7 24. Rfc1 Rf7 25. Bd1 a5 26. c6 bxc6 27. dxc6
Qf5 28. Qxf5 Rxf5 29. Ra3 Rff8 30. bxa5 Ra6 31. Rb1 Rfa8 32. Rb7 Rxc6 33. Bb3+
Kf8 34. Bd5 Rc5 35. a6 Rxd5 36. a7 Nc6 37. Rxc7 Ne7 38. Rb3 1-0

[Event "IV Festival A"]
[Site "Giugliano in Campania ITA"]
[Date "2009.09.19"]
[Round "4"]
[White "Fezza, Davide"]
[Black "Antignani, Luigi"]
[Result "1-0"]
[WhiteElo "2086"]
[BlackElo "1985"]
[PlyCount "109"]
[EventDate "2009.09.18"]

1. e4 c6 2. d4 d5 3. exd5 cxd5 4. Bd3 Nf6 5. c3 Nc6 6. Bf4 e6 7. Nf3 Be7 8. O-O
O-O 9. Nbd2 a5 10. Bg5 b6 11. Qe2 Bb7 12. a4 Nd7 13. h4 Qc8 14. Bxe7 Nxe7 15.
Ng5 Nf6 16. Ndf3 Ba6 17. Ne5 Bxd3 18. Qxd3 Ng6 19. g3 Ne7 20. Ng4 Ng6 21. Nxf6+
gxf6 22. Nf3 Kh8 23. Nh2 Rg8 24. Qf3 f5 25. h5 Ne7 26. Qf4 Qf8 27. Nf3 Rg4 28.
Qe5+ Kg8 29. Qf6 Nc6 30. Nh2 Rg7 31. Kg2 Qe7 32. Qxe7 Nxe7 33. Nf3 f4 34. Kh3
fxg3 35. fxg3 Nf5 36. g4 Ne3 37. Rg1 Nc4 38. Rg2 Kf8 39. Re1 Ke7 40. Nh4 Nd6
41. Nf5+ Nxf5 42. gxf5 Rxg2 43. Kxg2 Rg8+ 44. Kf3 Rg5 45. fxe6 fxe6 46. Re5 Kf6
47. Kf4 Rg2 48. c4 dxc4 49. Rb5 Rh2 50. Rxb6 Rxh5 51. Rc6 Rd5 52. Rxc4 Rxd4+
53. Rxd4 e5+ 54. Ke4 exd4 55. b4 1-0

[Event "IV Festival A"]
[Site "Giugliano in Campania ITA"]
[Date "2009.09.19"]
[Round "4"]
[White "Ponticelli, Carmine"]
[Black "Elce, Valerio"]
[Result "0-1"]
[WhiteElo "1452"]
[BlackElo "1569"]
[PlyCount "64"]
[EventDate "2009.09.18"]

1. d4 d5 2. c4 c6 3. Nc3 e6 4. Nf3 Nf6 5. Bg5 h6 6. Bh4 dxc4 7. e4 g5 8. Bg3 b5
9. a3 Bb7 10. Be5 Nbd7 11. Bxf6 Nxf6 12. e5 Nd7 13. b3 cxb3 14. Qxb3 a6 15. Rd1
Qa5 16. Be2 Qxa3 17. Qxa3 Bxa3 18. O-O O-O 19. Bd3 c5 20. Be4 Bxe4 21. Nxe4 c4
22. d5 exd5 23. Rxd5 Nb6 24. Rdd1 Rfd8 25. Rxd8+ Rxd8 26. Ra1 c3 27. Ne1 Bb2
28. Rxa6 Rd1 29. Kf1 c2 30. Nd2 c1=Q 31. Ndf3 Rxe1+ 32. Nxe1 Bc3 0-1

[Event "IV Festival A"]
[Site "Giugliano in Campania ITA"]
[Date "2009.09.20"]
[Round "4"]
[White "Sellitti, Luca"]
[Black "Seletsky, Grigory"]
[Result "0-1"]
[WhiteElo "1913"]
[BlackElo "2319"]
[PlyCount "90"]
[EventDate "2009.09.18"]

1. e4 c6 2. d4 d5 3. exd5 cxd5 4. Bd3 Nc6 5. c3 g6 6. Bf4 Bg7 7. Nf3 Bg4 8.
Nbd2 e6 9. h3 Bxf3 10. Nxf3 Nge7 11. Qd2 Rc8 12. O-O O-O 13. Bh6 Nf5 14. Bxf5
gxf5 15. Rfe1 Qf6 16. Bxg7 Kxg7 17. Ne5 Nxe5 18. Rxe5 Kh8 19. Qf4 Rg8 20. Kh1
Rg6 21. Rg1 Rcg8 22. Ree1 Qg7 23. Qe5 Qxe5 24. Rxe5 b5 25. Re2 h5 26. f4 Rg3
27. Rc1 Rd3 28. Rcc2 a5 29. Red2 Rgg3 30. a3 Kg7 31. Kg1 Rdf3 32. Rf2 Re3 33.
Kf1 Kf6 34. Rce2 Re4 35. Rf3 Rxe2 36. Kxe2 Rxg2+ 37. Rf2 Rg8 38. Kf3 Rg1 39.
Rg2 Rf1+ 40. Rf2 Rd1 41. Kg3 b4 42. axb4 axb4 43. Rc2 bxc3 44. bxc3 Rd3+ 45.
Kh4 Rf3 0-1

[Event "IV Festival A"]
[Site "Giugliano in Campania ITA"]
[Date "2009.09.20"]
[Round "5"]
[White "Fezza, Davide"]
[Black "Della Corte, Alessandro"]
[Result "0-1"]
[WhiteElo "2086"]
[BlackElo "2210"]
[PlyCount "108"]
[EventDate "2009.09.18"]

1. e4 e6 2. d4 d5 3. Nd2 Be7 4. c3 c5 5. exd5 exd5 6. dxc5 Bxc5 7. Nb3 Bb6 8.
Nf3 Nf6 9. Bb5+ Nc6 10. Qe2+ Ne4 11. Be3 O-O 12. Bxb6 Qxb6 13. O-O Bg4 14. Bd3
Ng5 15. Qe3 Nxf3+ 16. gxf3 Bh5 17. Qxb6 axb6 18. f4 Rfe8 19. Rfe1 Rxe1+ 20.
Rxe1 Kf8 21. a3 Ra4 22. f5 f6 23. Re3 Rg4+ 24. Kf1 Rh4 25. Kg2 Bd1 26. Nd2 Ne5
27. f3 d4 28. Re4 dxc3 29. bxc3 Rh5 30. Rd4 Nxd3 31. Rxd3 Rxf5 32. Rd7 b5 33.
Rxb7 Rd5 34. Nf1 Rd3 35. Rxb5 Bxf3+ 36. Kf2 Rxc3 37. Ra5 Kf7 38. Ne3 Be4 39.
Ra7+ Kg6 40. a4 f5 41. a5 f4 42. Ng4 Rc2+ 43. Kf1 h5 44. Ne5+ Kf5 45. Nf7 g5
46. h4 g4 47. Nd6+ Ke5 48. Re7+ Kxd6 49. Rxe4 f3 50. Rf4 Ke5 51. Rf8 Ra2 52.
Rh8 g3 53. Rxh5+ Kf4 54. Ke1 f2+ 0-1